The Day Jimmy's Boa ate the wash / (Record no. 103341)
[ view plain ]
| 000 -LEADER | |
|---|---|
| fixed length control field | 00527nam a2200169 a 4500 |
| 005 - DATE AND TIME OF LATEST TRANSACTION | |
| control field | 20140412111300.0 |
| 008 - FIXED-LENGTH DATA ELEMENTS--GENERAL INFORMATION | |
| fixed length control field | 000831s19uu xx 00 eng d |
| 020 ## - INTERNATIONAL STANDARD BOOK NUMBER | |
| International Standard Book Number | 0-8037-1073-9 |
| 050 ## - LIBRARY OF CONGRESS CALL NUMBER | |
| Classification number | BB |
| Item number | Da27 1980 |
| 100 ## - MAIN ENTRY--PERSONAL NAME | |
| Personal name | Noble, Trinka Hakes |
| 245 ## - TITLE STATEMENT | |
| Title | The Day Jimmy's Boa ate the wash / |
| Statement of responsibility, etc | by Trinka Hakes NOble; pictures by Steven Kellogg. |
| 260 ## - PUBLICATION, DISTRIBUTION, ETC. (IMPRINT) | |
| Place of publication, distribution, etc | New York : |
| Name of publisher, distributor, etc | Dial Books for Young Readers. |
| 300 ## - PHYSICAL DESCRIPTION | |
| Extent | 1 v. (unp.) ; ill. |
| 440 ## - SERIES STATEMENT/ADDED ENTRY--TITLE | |
| Title | A Pied Piper Giant |
| 650 ## - SUBJECT ADDED ENTRY--TOPICAL TERM | |
| Topical term or geographic name as entry element | Snakes stories-Fiction |
| Withdrawn status | Lost status | Damaged status | Home library | Current library | Shelving location | Date acquired | Source of acquisition | Total Checkouts | Full call number | Barcode | Date last seen | Price effective from | Koha item type |
|---|---|---|---|---|---|---|---|---|---|---|---|---|---|
| Elizalde Library | Elizalde Library | Big Books Section | 08/31/2000 | BB Da27 1980 | E4535 | 04/12/2014 | 04/12/2014 | Books |